000 00456nam a2200169Ia 4500
001 28811
003 IN-NITTTR
005 20251114233355.0
008 251113s9999||||xx |||||||||||||| ||eng||
040 _beng
040 _cIN-NITTTR
041 _aeng
082 _a808.02 T363H
100 _aThomas, Gary
245 0 _aHow to do your research project :
_b a guide for students in education and applied social sciences /
_cThomas, Gary
942 _2ddc
_cBK
999 _c31439
_d31439